LEADER 01066nam a2200265 u 4500 001 000000050792 003 CaOOAMICUS 005 20070226115250.0 008 000830s1985 it u000 u ita u 035 $a10854192 040 $aPUL(R)$bita 100 1 $aAmerio, Franco.$0(OLS)http://pul/name/558 245 13$aLa dottrina della fede :$b(Dogma, morale, spiritualitą) /$cFranco Amerio. 260 $aMilano :$bEdizioni Ares,$c1985. 300 $a938 p. ;$c22 cm 490 1 $aClassici della catechesi ;$v3 500 $aInclude indici. 650 4$aCatechesi.$0(OLS)http://pul/subject/4492 830 0$aClassici della catechesi ;$v3.$0(OLS)http://pul/title/63360 850 $aPUL 852 $aPUL$W1$xDP1 Fondo Ciprotti$y59$m1535 A 35$j67336$nBK-PRI$b $qFondi$B67336$CPULBib$Z2$F67336 $H $81 941 1 $a1 961 $aINV: 0767. Fondo Ciprotti 996 $6245$aLa dottrina della fede :$b(Dogma, morale, spiritualitą)$9(OLS)http://pul/title/68344 996 $6260$aMilano :$bEdizioni Ares$9(OLS)http://pul/publisher/60056 LEADER 01317nam a2200277 u 4500 001 000000051935 003 CaOOAMICUS 005 20070226115407.0 008 001003s1999 it u000 u eng u 035 $a10857146 040 $aPUL$bita 100 1 $aKochuveettil, Peter.$0(OLS)http://pul/name/37213 245 10$aHistoricity of man in the dialectical hermeneutics of Hans-Georg Gadamer and the theory of Karma in Hinduism /$cKochuveettil Peter. 260 $aRomae :$b[s.n.],$c1999. 300 $axi, 213 p. ;$c25 cm 500 $aIn testa al front.: "Pontificia Universitas Urbaniana. Facultas philosophiae". 500 $a"Extractum ex dissertatione ad doctoratum in Facultate Philosophiae". 504 $a"Bibliography": p. [153]-202. 600 14$aGadamer, Hans Georg,$d1900-2002.$0(OLS)http://pul/subject/18921 650 4$aInduismo.$0(OLS)http://pul/subject/21774 850 $aPUL 852 $aPUL$W1$xDP1 Tesi Pon. Univ. Urbaniana$y49$mTH URB 542$j68728$nBK-PRI$b $qTesi$B68728$CPULBib$Z2$F68728 $H $81 941 1 $a16 961 $aINV: 83079 996 $6245$aHistoricity of man in the dialectical hermeneutics of Hans-Georg Gadamer and the theory of Karma in Hinduism$9(OLS)http://pul/title/69690 996 $6260$aRomae :$b[s.n.]$9(OLS)http://pul/publisher/48223